[Event "WE SST Torino"]
[Site "?"]
[Date "2003.10.31"]
[Round "2"]
[White "Blanc, P."]
[Black "Crepaldi"]
[Result "1-0"]
[WhiteElo "1855"]
[BlackElo "1650"]
[Annotator "Fritz 5.00 (95s)"]
[PlyCount "113"]

1. e4 c5 2. Nc3 Nc6 3. g3 d6 4. Bg2 4... Bd7 {out of book} 5. d3 5... e6 {
Covers d5} 6. f4 Nge7 7. Nf3 Qc7 8. Be3 8... a6 {Prevents intrusion on b5} 9.
O-O g6 10. Ne2 Bg7 11. c3 {Secures b4+d4} 11... f5 12. Qc2 O-O 13. Rad1 b6 14.
Nd2 Rad8 15. Nb3 Bc8 16. d4 c4 17. Nd2 d5 18. exf5 exf5 19. Nf3 Bd7 20. Ne5 Be6
21. Kh1 Nc8 {Weaker is 21... Nxe5 22. fxe5 h6 23. Nf4 +=} 22. Qa4 Nb8 {
Worse is 22... Nxe5 23. dxe5 Ne7 24. Qxa6 +-} 23. Ng1 Nd6 24. Ngf3 b5 25. Qc2
a5 26. Bd2 26... Ne4 {The black knight on an outpost} 27. Ra1 Na6 28. Kg1 28...
Qd6 {Black plans b4} 29. Rae1 29... Rb8 {Black prepares b4} 30. Bc1 Rfc8 31.
Nd2 Qb6 32. a3 {Consolidates b4} {Less advisable is 32. Bxe4 32... fxe4 33.
Re3 33... Re8 =+} 32... b4 {Black gains space} 33. axb4 33... axb4 {
Attacks the pawn chain.} 34. Nef3 b3 35. Qd1 Ra8 36. Re3 36... Kf7 {= ; 36...
Re8 37. Ne5 =+} 37. Qe2 Bf6 38. Ne5+ {
Praise the knight!. White gets kings attack} 38... Kg7 39. Nxe4  {=+ ; 39. Re1
39... Nc7 =+} 39... fxe4 {This push gains space} {Inferior is 39... dxe4 40.
g4 Kh8 41. Re1 =} 40. g4 {White prepares the advance f5} 40... Bxe5 { += ;
40... Rf8!? = should be considered} 41. dxe5 {
The passed pawn on e5 will become decisive later. White wins space} 41... Rf8
42. Kh1 42... Ra7 {± ; better was 42... Nc5!? is interesting 43. Rg3 43... Nd3 +=} 43.
f5 gxf5 44. gxf5 44... Rxf5? {+- ; White creates threats along the open g-file
 44... Bxf5 45. Rg3+ Bg6 46. Bh6+ Kxh6 47. Rxf8 47... Kg7 +-} 45. Qg4+ Kh8
46. Rxf5 {Threatening mate: Rf8} 46... Rf7 {46... Bxf5 (desperation) 47. Qxf5
Qg6 48. Qf8+ Qg8 49. Qf6+ 49... Qg7 +-} 47. Qh5 {47. Rg3 Qd8 48. Bg5 Rxf5 49.
Bxd8 Rf1+ 50. Bxf1 Bxg4 51. Rxg4 h5 52. Bf6+ Kh7 53. Rg7+ Kh8 54. Bh3 Nc5 55.
Rg3+ Kh7 56. Bf5+ Kh6 57. Bg7#} 47... Rxf5 48. Qe8+ Bg8 49. Rg3 {
Do you see the mate threat?} 49... Qe6 50. Bh6!! {
lovely play, a forceful sacrifice. Threatening mate... how?} 50... Qf7 {50...
Qxe8?? (materialistic play, which will be punished) 51. Bg7#} 51. Bg7+ { ± ; 
better was 51. h3 (makes sure everything is clear) 51... Nc7 52. Qc8 Rxe5 53. Bg7+ Qxg7
54. Rxg7 Kxg7 55. Qxc7+ Kf6 56. Qd6+ Be6 57. h4 +-} 51... Qxg7 52. Rxg7 {
The mate threat is Qxg8} 52... Kxg7 53. Qd7+ Rf7 54. e6! {
and the rest is history 54. Qxd5?? White will choke on that pawn 54...
Rf1+!! sacrificing for victory 55. Bxf1 55... Bxd5 -+} 54... Nc5 {54...
Rxd7??  Black is doomed if he takes the queen 55. exd7 Nc5 56. d8=Q +-} 55. Qc8??
 {-+ forfeits the clear win: 55. Qxd5 
and the scales tip in favour of White 55... Nxe6 56. Qxe4 +- (if 56. Qxe6 56...
Rf1+ 57. Bxf1 57... Bxe6 black is better)} 55... Re7?? {throws away a nice position:
55... Nxe6 56. h4 56... h6 -+} 56. Qxc5 Bxe6 {56... Rxe6 is one last hope
57. Qxd5 Bf7 58. Bxe4 58... Ra6 +-} 57. Qxe7+ {57. Qxe7+ Bf7 58. Bh3 +-} 1-0